| 000 | 00554nam a22001817a 4500 | ||
|---|---|---|---|
| 005 | 20240307111947.0 | ||
| 010 | _aENG-139475 | ||
| 020 |
_a9788178246451 _c449.00 |
||
| 035 | _aEN-123007 | ||
| 037 | _bDBAD/PUB | ||
| 082 | _a323.6 | ||
| 100 |
_aJAYAL, NIRAJA GOPAL _962910 |
||
| 245 |
_aCItizenship Imperilled: _bEndia'Fragile Democarcy/ _cBy NIRAJA GOPAL JAYAL |
||
| 260 |
_bPermanent Black _aRanikhet Cantt |
||
| 270 | _a'Himalayana' , Mall Road, Ranikhet Cantt, | ||
| 300 |
_a250p. _c22cm(pbk) |
||
| 942 |
_2ddc _cEN _h323.6 _mJAY |
||
| 999 |
_c201117 _d201117 |
||